| 000 | 02354cam a22004694a 4500 | ||
|---|---|---|---|
| 001 | muse16047 | ||
| 003 | MdBmJHUP | ||
| 005 | 20210127150949.0 | ||
| 006 | m o d | ||
| 007 | cr||||||||nn|n | ||
| 008 | 110520s2012 mdu o 00 0 eng d | ||
| 010 | _z 2011019914 | ||
| 020 | _a9781421406633 | ||
| 020 | _a1421406632 | ||
| 020 | _z9781421403281 (acid-free paper) | ||
| 020 | _z1421403285 (acid-free paper) | ||
| 035 | _a(OCoLC)794700770 | ||
| 040 |
_aMdBmJHUP _cMdBmJHUP |
||
| 050 | 0 | 4 |
_aPR3671.S7 _bZ74 2012 |
| 082 | 0 |
_a821/.6 _222 |
|
| 100 | 1 | _aKairoff, Claudia Thomas. | |
| 245 | 1 | 0 |
_aAnna Seward and the End of the Eighteenth Century _cClaudia Thomas Kairoff. |
| 264 | 1 | _bJohns Hopkins University Press, | |
| 264 | 3 | _bProject MUSE, | |
| 300 | _a1 online resource (328 p.) | ||
| 504 | _aIncludes bibliographical references and index. | ||
| 505 | 0 | _aUnder suspicious circumstances : the (critical) disappearance of Anna Seward -- "Fancy's shrine" : Anna Seward and Lady Miller's Batheaston poetical assemblies -- Anna Seward and the profession of poetry -- Anna Seward, British patriot -- Wartime correspondent : Seward, the French wars, and late-century patriotism -- Seward and sensibility : Louisa, a poetical novel, in four epistles -- Louisa and the late eighteenth-century family romance -- Seward and the sonnet I : Milton's champion -- Seward and the sonnet II : corresponding poems -- Seward and the sonnet III : the "lost" Honora -- Seward's memoirs of-- Dr. Darwin : digging in the botanical garden -- Anna Seward, Samuel Johnson, and the end of the eighteenth century. | |
| 506 | 0 |
_aOpen Access _fUnrestricted online access _2star |
|
| 588 | _aDescription based on print version record. | ||
| 600 | 1 | 1 |
_aSeward, Anna, _d1742-1809 _xCriticism and interpretation. |
| 651 | 0 |
_aEngland _xIntellectual life _y18th century. |
|
| 655 | 7 |
_aElectronic books. _2local |
|
| 710 | 2 |
_aProject Muse. _edistributor |
|
| 830 | 0 | _aBook collections on Project MUSE. | |
| 856 | 4 | 0 |
_zFull text available: _uhttps://muse.jhu.edu/book/12865/ |
| 945 | _aProject MUSE - 2011 Literature | ||
| 945 | _aProject MUSE - 2011 Complete | ||
| 999 |
_c24129 _d24129 |
||